1468 1148 1533 1151 1353 1137 1349 1092 1589 1918 1835 1074 1696 1840 1015 1587 1778 1386 1875 1237 1590 1451 1992 1575 1458 1960 1595 1190 1325 1132 1161 1825 1455 1250 1748 1558 1861 1278 1553 1433 1345 1303 1426 1230 1524 1091 1082 1625 1126 1868 1363 1212 1434 1076 1343 1999 1902 1627 1796 1078 1219 1005 1086 1841 1507 1086 1133 1094 1791 1555 1680 1822 1855 1910 1306 1972 1159 1828 1608 1458 1376 1985 1845 1077 1249 1768 1186 1512 1038 1692 1410 1871 1640 1815 1366 1362 1817 1252 1425 BCNSPRNW ULIB Ver.6.0+V

เปลี่ยนเป็นภาษาไทย

Change to English
 แสดงรายละเอียดบรรณานุกรม
  กลับหน้าหลัก

Brief Record : Get Marc (ISO 2709) : E-mail record : QR code < ปิดหน้าต่าง
LEADER : 00000nam 2200000uu 4500
001    13399127120
003     ULIB
008    191016s2017||||th 000 0 tha d
020    ^a9781316640159 (pbk.)
050  4 ^aPE1128^bM664
245 00 ^aMindset for IELTS :^ban official Cambridge IELTS course.^nStudent s book 2 /^cGreg Archer ... [et al.]
246 30 ^aCambridge English.^pMindset for IELTS :^ban officialCambridge IELTS course.^nStudent s book 2
250    ^a1st ed.
260    ^a[Cambridge] :^bCambridge University Press,^c2017
300    ^a203 p. :^bcol. ill. ;^c28 cm.
505 0  ^aThe man-made environment -- Leisure and education -- Thenews and media -- Travel and transport -- Business andwork -- The natural environment -- Education systems --Festivals and ttaditions
650  0 ^aInternational English Language Testing System
650  0 ^aEnglish language^vTextbooks for foreign speakers
650  0 ^aEnglish language^vExaminations, questions, etc.
650  0 ^aEnglish language^xExaminations
653    ^aIELTS
700 1  ^aArcher, Greg
945    ^p849^l0^i006310
999    ^aประนอม เกษจรัล
รายการนี้ยังไม่มีแท็ก
คุณยังไม่ได้ล็อกอิน คุณสามารถมีกิจกรรมร่วมกับเว็บไซต์ได้ แต่ต้องล็อกอินก่อน ::
  ล็อกอิน

รายการสื่อสารสนเทศ

ลำดับที่ ประเภท เลขเรียก/บาร์โค้ด สถานที่ สถานะ
1. การศึกษาทั่วไป
การศึกษาทั่วไป
PE1128 M664 ฉ.1 
  Barcode: 006310
ห้องสมุดวิทยาเขตสวรรค์ประชารักษ์
►หนังสือทั่วไป
บนชั้น

รายการใกล้เคียง
    หัวเรื่อง [International English Language Testing System]

BibComment


ยังไม่เคยถูกคอมเมนท์

คอมเมนท์ทรัพยากรรายการนี้
  คอมเมนท์: Mindset for IELT..


 Copyright 2026. Bcnsprnw @Library